Logos de marque n° 6 - Statistiques

Statistiques générales
  • Ce quiz a été pris 2 405 fois
  • Le résultat moyen est 10 sur 20
Statistiques - réponses
marque % Correct
Coca-Cola
98%
Lays
94%
Lipton
93%
Doritos
91%
Dove
91%
Subway
89%
Marvel Comics
79%
Nickelodeon
72%
Nerf
66%
Harley-Davidson
61%
IBM
49%
Mountain Dew
23%
Hoover
9%
Blockbuster
8%
CBS
8%
AOL
7%
Chick-fil-A
7%
Starter
3%
Big Boy
1%
Tivo
1%
Aucun quiz correspondant
Distribution des résultats
% des personnes avec chaque résultat
Percentile par nombre de réponses
Votre historique - résultats
Vous n’avez pas pris ce quiz